000 00640nam a22002171a 4500
001 18801
003 OSt
005 20260204212422.0
008 180903s2015||||ck ||||||b||||||||||spa||
020 _a9789587712636
082 _a624.18341 L241c
100 _aLamus Báez,Fabián
245 _aConcreto reforzado: fundamentos/Fabián Lamus Báez y Sofía Andrade Pardo
264 _aBogotá:Ecoe Ediciones
300 _a195 p.
490 _aIngeniería y salud en el trabajo
500 _aIncluye referencias bibliográficas e índice temático
650 _aHormigón armado
700 _aAndrade Pardo,SofíaÌ
942 _2ddc
_cBK
999 _c18801
_d18801